| Tag |
First Indicator |
Second Indicator |
Subfields |
| LEADER |
00000cam a2200000 4500 |
| 001 |
in00000037739 |
| 005 |
20151007080607.0 |
| 008 |
781030s1964 nyua b 00010 eng |
| 010 |
|
|
|a 64007290
|
| 035 |
|
|
|a (OCoLC)04331311
|
| 035 |
|
|
|9 AAF5067AM
|
| 040 |
|
|
|a DLC
|c UUM
|d TXA
|d UtOrBLW
|
| 049 |
|
|
|a TXAM
|c [404343]
|
| 050 |
0 |
0 |
|a QH324
|b .F513 1964
|
| 082 |
0 |
|
|a 615/.19018
|
| 092 |
|
|
|a 311.2
|b F514s, 1964
|
| 100 |
1 |
|
|a Finney, D. J.
|q (David John)
|
| 245 |
1 |
0 |
|a Statistical method in biological assay /
|c [by] D. J. Finney.
|
| 250 |
|
|
|a 2d ed.
|
| 264 |
|
1 |
|a New York :
|b Hafner Pub. Co.,
|c [1964]
|
| 300 |
|
|
|a xix, 668 pages :
|b illustrations ;
|c 23 cm.
|
| 336 |
|
|
|a text
|b txt
|2 rdacontent
|
| 337 |
|
|
|a unmediated
|b n
|2 rdamedia
|
| 338 |
|
|
|a volume
|b nc
|2 rdacarrier
|
| 504 |
|
|
|a Bibliography: pages [600]-623.
|
| 650 |
|
0 |
|a Biological assay.
|
| 650 |
|
0 |
|a Mathematical statistics.
|
| 650 |
|
0 |
|a Experimental design.
|
| 999 |
|
|
|a MARS
|
| 999 |
f |
f |
|s d47c5028-1a72-3ed3-9780-ddb346c9731b
|i 145cdd93-a355-3310-a8cb-f635f9c3bef8
|t 0
|
| 952 |
f |
f |
|p ric
|a Texas A&M University
|b Rellis Campus
|c Joint Library Facility
|s JLF
|d Remote Storage
|t 0
|e QH324 .F513 1964
|h Library of Congress classification
|i unmediated -- volume
|m A14800653012
|
| 998 |
f |
f |
|a QH324 .F513 1964
|t 0
|l Remote Storage
|